00939nam a2200229 a 4500001001000000003000500010005001700015008004100032010001100073011001100084040000900095100003300104245014500137260004100282500006000323502008400383650004700467650004300514650004200557650004000599856007000639000113372CHAP20220329144351.0170613s2016 mx a fsm |||||||spa d a109833 a110805 cCHAP1 aGonzález Pérez, Cristina10aSujeto-mujer en la gestión del agua, en el municipio de Tianguistengo, estado de Hidalgo /h[En línea]cpor Cristina González Pérez. aChapingo, Méx. :bEl autor,c2016. aPara ver el contenido del material haga clic en la liga aTesis (Ph. D. en Ciencias Agrarias) -- UACH. Departamento de Sociología Rural14aAguaxAdministraciónxEnfoque de genero.14aMujer en comunidades ruralesxHidalgo.14aMujerxActividad políticazHidalgo.14aMujerxSituación socialzHidalgo. aFinding aiduhttp://10.13.5.2/tesis/sist113372.pdfzTeclea aquí